Statistics for Various Abbreviations: A to Z #6

Click here to take the quiz!

General Stats

  • This quiz has been taken 16 times
  • The average score is 22 of 83

Answer Stats

CategoryAbbreviationAnswer% Correct
technology corporationIBMInternational
70%
technology corporationIBMMachines
70%
technology corporationIBMBusiness
60%
CERN facilityLHCCollider
60%
CERN facilityLHCHadron
60%
SI-unitKkelvin
60%
emergency procedureCPRresuscitation
60%
Manhattan neighborhoodSoHoSouth
60%
emergency procedureCPRCardio
50%
musicOMDDark
50%
brain activityEEG
Electro
50%
brain activityEEGgraphy
50%
suitHAZMAThazardous
50%
CERN facilityLHCLarge
50%
music
OMDManoeuvres
50%
suitHAZMATmaterials
50%
music
OMD
Orchestral
50%
organisationACLUAmerican
40%
organisationPETAAnimals
40%
organisationACLUCivil
40%
organisationPETAEthical
40%
research centreJPLLaboratory
40%
organisationACLULiberties
40%
Stock MarketNasdaqNational
40%
organisationPETAPeople
40%
emergency procedureCPRpulmonary
40%
organisationPETATreatment
40%
organisationACLUUnion
40%
Microsoft OfficeVBABasic
30%
brain activityEEGencephalo
30%
phraseQ.E.D.erat
30%
research centreJPLJet
30%
copyrightGPLLicense
30%
research centreJPLPropulsion
30%
Microsoft Office
VBA
Visual
30%
cartographic standardWGSWorld
30%
physicsMaseramplification
20%
Stock MarketNasdaqAssociation
20%
processor architectureRISCcomputer
20%
phraseQ.E.D.demonstrandum
20%
formatFLACFree
20%
copyrightGPLGNU General
20%
Manhattan neighborhoodSoHoHouston
20%
processor architectureRISCinstruction
20%
phraseQ.E.D.quod
20%
processor architectureRISCReduced
20%
processor architectureRISCset
20%
cartographic standardWGSSystem
20%
SI-prefixYYotta
20%
chemical producerBASFAnilin-
10%
Microsoft OfficeVBAApplications
10%
formatFLACAudio
10%
Stock MarketNasdaqAutomated
10%
chemical producerBASFBadische
10%
formatFLACCodec
10%
videoNasdaqDealers
10%
physicsMaseremission
10%
chemical producerBASFfabrik
10%
cartographic standardWGSGeodetic
10%
computer labelUUIDIdentifier
10%
formatFLACLossless
10%
physicsMasermicrowave
10%
entertainment industryTMZmile
10%
copyrightGPLPublic
10%
Stock MarketNasdaqQuotations
10%
physicsMaserradiation
10%
JavaScript classXHRRequest
10%
Stock MarketNasdaqSecurities
10%
chemical producerBASFSoda
10%
physicsMaserstimulated
10%
entertainment industryTMZthirty-
10%
computer labelUUIDUnique
10%
computer labelUUIDUniversally
10%
JavaScript classXHRXML
10%
macroeconomic conceptZIRPZero
10%
entertainment industryTMZzone
10%
courierDHL
Dalsey
0%
courierDHLHillblom
0%
JavaScript classXHRHttp
0%
macroeconomic conceptZIRPinterest-
0%
courierDHLLynn
0%
macroeconomic conceptZIRPpolicy
0%
macroeconomic conceptZIRPrate
0%

Score Distribution

Percentile by Number Answered

Percent of People with Each Score

Your Score History

You have not taken this quiz